000 00625nam a2200217 a 4500
001 16892
003 CO-ViMGA
008 141112s2004 ck r 000 u spa d
020 _a8425409144
040 _aCO-ViMGA
_bspa
_cCO-ViMGA
082 0 4 _a190 V375t
100 1 _aVerneaux, Roger
_923896
245 1 0 _aTextos de los grandes filósofos . Edad moderna
260 _aBarcelona (España),
_cHerder,
_c2000
300 _a183.p.
590 _aForma de adquisición : Premio - Mincultura
650 1 4 _aFILOSOFIA MODERNA
_911236
650 1 4 _aFILOSOFOS MODERNOS
_923897
650 1 4 _aTEORIA CRITICA
_923898
942 _2ddc
_cBK
999 _c26526
_d26526